000 00251nam a22001217a 4500
082 _a823
_bJAI/P
100 _aJAIN,KULDEEP
245 _aPINOCCHIO
246 _aPINOCCHIO
_bPINOCCHIO
260 _aNEW DELHI
_bPEGASUS
_c2025
300 _a16
942 _cBK
999 _c9159
_d9159